| 000 | 00412nam a2200157Ia 4500 | ||
|---|---|---|---|
| 003 | Ost | ||
| 005 | 20260225132555.0 | ||
| 008 | 260225s9999||||xx |||||||||||||| ||und|| | ||
| 040 | _cfsic | ||
| 041 | _afre | ||
| 082 | _a440 | ||
| 100 |
_aAissa Khodri _eAuteur |
||
| 245 | 0 | _aL'Egalité souveraine des états et la solidarité internationale pour le développement / | |
| 245 | 0 | _cAissa Khodri | |
| 942 | _cكتاب | ||
| 999 |
_c34409 _d34409 |
||